00704nam a2200241Ia 4500003000900000008004100009040001300050040001300063041000800076100001500084245002300099250001300122260002000135260000900155300001100164300001600175300001100191490003400202490000600236942000700242999001700249952019600266IT-RoPAU120407s9999 xx 000 0 und d aIT-RoPAU cIT-RoPAU aita aJohn Dewey aScuola e società aFirenze  aLa Nuova Italia c1962 a140 p. bill. 4 tav. c20 cm a Educatori antichi e moderni  v1 cBK c25556d25556 00102ddc406371_54000000000000071aPAULUSbPAULUSd2012-04-11l0o371.54r2012-04-11 00:00:00w2012-04-11yBKzInserito da: Mario In data: 06 agosto 2011 fondo: Via A.Severo 56 Progr:32511